00309nam a2200133Ia 45000030006000000080041000060400015000471000020000622450019000822500011001012600034001125460012001460050017001580STCL150530s9999 xx 000 0 und d aSTCLcSTCL aPriestley, J.B. aLaburnum grove aSecond bOxford University pressc1965 aEnglish20220125170959.0